Normal view
MARC view
- Guide Name:Chipalkatti Uday
Entry Personal Name
001 - CONTROL NUMBER
- control field: 210292
003 - CONTROL NUMBER IDENTIFIER
- control field: OSt
005 - DATE AND TIME OF LATEST TRANSACTION
- control field: 20250110171522.0
008 - FIXED-LENGTH DATA ELEMENTS
- fixed length control field: 250110|| aca||aabn | a|a d
040 ## - CATALOGING SOURCE
- Original cataloging agency: OSt
- Transcribing agency: OSt
100 ## - HEADING--PERSONAL NAME
- Personal name: Guide Name:Chipalkatti Uday
670 ## - SOURCE DATA FOUND
- Source citation: Work cat.: (OSt)363484: Jadhav Pooja 182617, Nikhil Kanetkar Badminton Academy Kolhapur, 2014